| 000 | 00408nam a2200157Ia 4500 | ||
|---|---|---|---|
| 008 | 230917s9999||||xx |||||||||||||| ||und|| | ||
| 040 |
_e23960 _aMAIN |
||
| 041 | _aEnglish | ||
| 082 | _a820.9 S48C | ||
| 100 | _aSampson, George | ||
| 245 | 0 | _aConcise Cambridge history of English literature | |
| 250 | _a2nd ed. | ||
| 260 |
_aEngland _bCambridge University Press _c1961 |
||
| 300 | _a1071 p. | ||
| 942 | _cBK | ||
| 999 |
_c40229 _d40229 |
||